000 00390nam a2200169Ia 4500
001 17703
003 IN-NITTTR
005 20251114233207.0
008 251113s9999||||xx |||||||||||||| ||eng||
040 _beng
040 _cIN-NITTTR
041 _aeng
082 _a658.81 L63H
100 _aLinkletter, Art
245 0 _aHow to be a super salesman /
_cLinkletter, Art
942 _2ddc
_cBK
999 _c20337
_d20337